| 000 | 00415nam a2200145Ia 4500 | ||
|---|---|---|---|
| 008 | 220214s9999 xx 000 0 und d | ||
| 022 | _a0735-6161 | ||
| 245 | 0 | _aWOOD AND FIBRE SCIENCE | |
| 260 |
_bSociety of Wood Science and Technology, Madison _aUSA |
||
| 310 | _aQ | ||
| 500 | _aEnding Volume & Year: 23, 1991 | ||
| 500 | _aMissing Volume: 23(2-4) | ||
| 500 | _aStarting Volume & Year: 20, 1988 | ||
| 942 | _cBJ | ||
| 999 |
_c15390 _d15390 |
||